000 00233nam a2200097Ia 4500
008 240331s9999 xx 000 0 und d
082 _bSUB
100 _aSubramanian, N
245 0 _aTamil aayviyalil kalanithi K.Kailasapathy
942 _cL
999 _c4110
_d4110